| Record ID | ia:annualreport1862bost |
| Source | Internet Archive |
| Download MARC XML | https://archive.org/download/annualreport1862bost/annualreport1862bost_marc.xml |
| Download MARC binary | https://www.archive.org/download/annualreport1862bost/annualreport1862bost_meta.mrc |
LEADER: 01056cas 2200349I 4500
001 2004912
005 20080902034600.0
008 791121d18uu1905mauar p l0 a0eng d
010 $a09-29077
035 $a2004912
035 $a5723972
035 $a.b10140736$bmulti
035 $aB612000
040 $aUCU$cUCU$dAUM
043 $an-us-ma
049 $aAUMM[][][][][][][][][RxLibCat]
090 $aL161.B7$bA2
110 1 $aBoston (Mass.).$bSchool Committee.
245 10 $aAnnual report.
246 04 $aReport
260 $aBoston.
300 $av.$bplates, plans (part. fold.)$c23-24 cm.
362 0 $a18 -1905.
515 $a1880/81- also called 1st- Annual report.
520 $a18 -1905 include the Annual report of the superintendent of public schools.
650 0 $aEducation$zMassachusetts$zBoston.
785 00 $aBoston. School Committee.$tDocuments$w(OCoLC)5723999$w(CU-UC)02956805$g1906-
866 30 $a1855/1856-1972/1973
902 $a010929
994 $a(2)uma$abc$a(2)bp$ao$ami$aw
998 $a164102
999 $b13$c010929$d6$ea$g0